• 首页
  • 本馆介绍
  • 公告通知
  • 最新文献
  • 馆藏检索
  • 电子资源
  • 读者导购
  • 参考咨询
  • 我的图书馆
  • 登录
  • 详细信息显示
  • 放入我的书架
  • 预约/预借图书
  • 作者相关作品
  • 分类相关作品
  • 丛书相关作品
  • 出版社相关作品

书目信息

  • 表格格式
  • 工作单格式
  • 卡片格式
题名:
数控车工入门
    
 
作者: 王兵 主编
分册:  
出版信息: 北京   化学工业出版社  2012
页数: 224页
开本: 21cm
丛书名:
单 册:
中图分类: TG519.1
科图分类:
主题词: 数控机床 , 车床 , 数控机床--车床--基本知识
电子资源:
ISBN: 978-7-122-13649-7
000 00870nam0 2200265 45
001 1355681421
005 20130515172906.14
010    @a978-7-122-13649-7@dCNY29.00
100    @a20130108d2012 em y0chiy50 ea
101 0  @achi
102    @aCN@b110000
105    @aa z 000yy
106    @ar
200 1  @a数控车工入门@AShu Kong Che Gong Ru Men@f王兵主编@FWang Bing Zhu Bian
210    @a北京@c化学工业出版社@d2012
215    @a224页@c图@d21cm
300    @a机械工人入门系列
330    @a本书对零件基本识图、数控车削加工工艺、数控车床的编程和操作以及维护与保养等内容进行了详细讲解,并专门利用一个章节介绍了典型零件的编程与加工实例。
606 0  @a数控机床
606 0  @a车床
606 0  @a数控机床@x车床@x基本知识
690    @aTG519.1@v5
701  0 @a王兵@AWang Bing@g(金属切削)@4主编
801    @aCN@bTANGWEI@c20130111
905    @b0831490-92@dTG519.1@e44@f3
    
    数控车工入门/王兵主编.-北京:化学工业出版社,2012
    224页:图;21cm
    机械工人入门系列
    
    ISBN 978-7-122-13649-7:CNY29.00
    本书对零件基本识图、数控车削加工工艺、数控车床的编程和操作以及维护与保养等内容进行了详细讲解,并专门利用一个章节介绍了典型零件的编程与加工实例。
●
相关链接 在E读中查询图书 在五车中查询图书 在当当中查询图书 在豆瓣中查询图书


正题名:数控车工入门     索取号:TG519.1/44         预约/预借

序号 登录号 条形码 馆藏地/架位号 状态 备注
1 0831490   208314901   第二样本阅览室/ [索取号:TG519.1/44] 在馆    
2 0831491   208314910   第三借阅区/ [索取号:TG519.1/44] 在馆    
3 0831492   208314929   第三借阅区/ [索取号:TG519.1/44] 在馆    
唐山师范学院图书馆 欢迎您!
大连网信软件有限公司© 版权所有